000
00188 a2200097 4500
020
_a
9780822562573
041
_a
spa
100
_a
Caroline Arnold
245
_a
El Sistema Oseo
942
_c
BK
999
_c
14920
_d
14920